Fußballclubs die ungeschlagen Meister geworden sind - Statistiken

Allgemein
  • Dieses Quiz wurde 190 mal gespielt
  • Das Durchschnittsergebnis liegt bei 9 aus 12
Antwortstatistiken
Saison Land Verein % Korrekt
2023/24 Deutschland Bayer 04 Leverkusen
96%
2003/04 England Fc Arsenal
89%
2011/12 Portugal FC Porto
89%
2016/18 Schottland Celtic Glasgow
82%
2011/12 Italien Juventus Turin
79%
1994/95 Niederlande Ajax Amsterdam
78%
1991/92 Italien AC Mailand
76%
1971/72 Portugal Benfica Lissabon
76%
1986-89 Rumänien Steaua Bukarest
66%
1995 Lettland Skonto Riga
53%
2001/02 Ukraine Schachtar Donezk
48%
2010 Norwegen Rosenborg Trondheim
36%
Keine übereinstimmenden Quizze gefunden
Verteilung der Resultate
Anzahl Personen mit jedem Resultat
Perzentil nach korrekt beantworteten Fragen
Ihre Resultats-Entwicklung
Sie haben dieses Quiz noch nicht gespielt